Los santos inocentes

Gespeichert in:
Bibliographische Detailangaben
1. Verfasser: Delibes, Miguel
Format: Buch
Sprache:Undetermined
Veröffentlicht: Madrid, España Unidad 1999
Schlagworte:
Tags: Tag hinzufügen
Keine Tags, Fügen Sie den ersten Tag hinzu!

MARC

LEADER 00000nam a2200000Ia 4500
008 170316s9999 xx 000 0 und d
040 |a cru BVZT 
090 |a 862 D-2s 
100 |a Delibes, Miguel 
245 |a Los santos inocentes 
260 |a Madrid, España 
260 |b Unidad 
260 |c 1999 
300 |a 96 páginas 
650 |a LITERATURA ESPAÑOLA 
650 |a NOVELA 
999 |c 9797  |d 9797 
942 |c 15 D  |h 862 D-2s  |2 z